|
|
|
|
| LEADER |
00000ny a22000003n 4500 |
| 005 |
20110511104318.0 |
| 008 |
741224c19059999nyum p 0 eng |
| 022 |
|
|
|a 0021-8448
|
| 035 |
|
|
|a 2859
|
| 040 |
|
|
|d vLex
|
| 090 |
|
|
|c 1615
|d 1615
|
| 245 |
0 |
0 |
|a Journal of accountancy
|h [Recurso electrn̤ico]
|
| 256 |
|
|
|a Servicio en ln̕ea
|
| 260 |
|
|
|a [New York] :
|b American Institute of Certified Public Accountants [etc.]
|
| 310 |
|
|
|a Mensual
|
| 506 |
1 |
|
|a Contenido solo disponible en los productos indicados
|d vLex Global
|d vLex Global (Academic Edition, excluding Law Schools)
|d vLex Global (Academic Edition, Law Schools)
|
| 550 |
|
|
|a Published Nov. 1905-Sept. 1916 by the American Association of Public Accountants; Oct. 1916-Jan. 1958 by the American Institute of Certified Public Accountants (called Oct. 1916-Jan. 1917, Institute of Accountants in the United States of America; Feb. 1917-May 1957, American Institute of Accountants)
|
| 555 |
|
|
|a Vols. 35-70, Jan. 1923-Dec. 1940. 1 v
|
| 650 |
0 |
4 |
|a Contabilidad
|x Publicaciones perid̤icas
|
| 650 |
0 |
4 |
|a Banking
|
| 650 |
0 |
4 |
|a finance and accounting industries
|
| 650 |
0 |
4 |
|a Business
|
| 650 |
0 |
4 |
|a Accounting
|
| 650 |
0 |
4 |
|a Law
|
| 710 |
2 |
|
|a American Association of Public Accountants
|
| 710 |
2 |
|
|a American Institute of Certified Public Accountants
|
| 740 |
0 |
|
|a vLex Revista (Servicios en ln̕ea)
|
| 843 |
|
|
|a Electrn̤ica. Abierta
|
| 853 |
|
|
|8 1
|i (year)
|j (month)
|k (day)
|
| 856 |
4 |
0 |
|u http://vlex.com/source/2859
|z Acceso restringido
|
| 942 |
|
|
|c REV
|
| 999 |
|
0 |
|a Accounting
|v Periodicals
|